[Event "Olimpiada Dresden 2008 Femenina"]
[Site "Dresden GER"]
[Date "2008.11.17"]
[Round "5.22"]
[White "Segarra Choer, Tammy"]
[Black "Fuchs, Judith"]
[Result "0-1"]
[WhiteElo "1819"]
[BlackElo "2238"]
[PlyCount "139"]
[EventDate "2008.11.13"]
[EventType "team-tourn"]
[EventRounds "11"]
[EventCountry "GER"]
[Source "lmi"]
[SourceDate "2008.11.13"]
[WhiteTeam "Puerto Rico"]
[BlackTeam "Alemania"]
[WhiteTeamCountry "PUR"]
[BlackTeamCountry "GER"]

1. d4 Nf6 2. c4 g6 3. Nc3 d5 4. Nf3 Bg7 5. Bg5 Ne4 6. Bh4 Nxc3 7. bxc3 dxc4 8.
Qa4+ Qd7 9. Qxc4 b6 10. e3 Ba6 11. Qb3 Bxf1 12. Kxf1 O-O 13. Ke2 c5 14. Rhd1
cxd4 15. cxd4 Nc6 16. Qb5 Rfc8 17. Rab1 e6 18. Kf1 Nb8 19. a4 a5 20. Qb3 Nc6
21. Qb5 Qe8 22. Nd2 Nb4 23. Qxe8+ Rxe8 24. Nc4 Reb8 25. Bg3 Rb7 26. Nd6 Rd7 27.
Rdc1 Bf8 28. Nb5 Be7 29. Rc4 f6 30. Rbc1 Kf7 31. Rc7 Rad8 32. Ke2 e5 33. Rxd7
Rxd7 34. dxe5 fxe5 35. Rc8 Nd3 36. Nc3 Bc5 37. Ne4 Ke6 38. Re8+ Kf5 39. f3 g5
40. Bxe5 Nxe5 41. g4+ Nxg4 42. fxg4+ Kg6 43. Rg8+ Kf7 44. Rxg5 Be7 45. Rh5 Kg7
46. Rb5 Bd8 47. h4 Bxh4 48. Rxb6 Be7 49. Ng3 Bb4 50. Kf3 Rd1 51. Nf5+ Kf7 52.
Rb7+ Kf6 53. Rxh7 Ra1 54. Kf4 Rf1+ 55. Ke4 Ra1 56. Rg7 Rg1 57. g5+ Rxg5 58.
Rxg5 Kxg5 59. Ke5 Bd2 60. Ke6 Kg4 61. e4 Kf4 62. Kd5 Kg5 63. Ke6 Kf4 64. Nd6
Bb4 65. e5 Bc3 66. Nc4 Ke4 67. Kd6 Kd4 68. Nxa5 Bxa5 69. e6 Bb4+ 70. Kc6 0-1

[Event "Olimpiada Dresden 2008 Femenina"]
[Site "Dresden GER"]
[Date "2008.11.17"]
[Round "5.22"]
[White "Mader, Manuela"]
[Black "Sanchez Rodriguez, Wilmairi"]
[Result "1-0"]
[WhiteElo "2132"]
[BlackElo "1773"]
[PlyCount "85"]
[EventDate "2008.11.13"]
[EventType "team-tourn"]
[EventRounds "11"]
[EventCountry "GER"]
[Source "lmi"]
[SourceDate "2008.11.13"]
[WhiteTeam "Alemania"]
[BlackTeam "Puerto Rico"]
[WhiteTeamCountry "GER"]
[BlackTeamCountry "PUR"]

1. d4 Nf6 2. Nf3 g6 3. c4 Bg7 4. g3 O-O 5. Bg2 d6 6. O-O Nbd7 7. Nc3 e5 8. e4
c6 9. h3 Qb6 10. Re1 exd4 11. Nxd4 Re8 12. Na4 Qc7 13. Bf4 Ne5 14. b3 b6 15.
Be3 Bb7 16. Nc3 a6 17. Qc2 Rac8 18. Rac1 Qb8 19. Nde2 Ned7 20. Rcd1 b5 21. a3
a5 22. Bf4 Bf8 23. Rd2 b4 24. axb4 axb4 25. Na4 c5 26. f3 Nh5 27. Bg5 f6 28.
Bf4 Bc6 29. Nb2 Ne5 30. Nd1 f5 31. Ne3 fxe4 32. fxe4 Nf6 33. Nd5 Nxd5 34. exd5
Bd7 35. g4 Bg7 36. Rf1 Rf8 37. Ng3 Rxf4 38. Rxf4 Bh6 39. Rdf2 Bxf4 40. Rxf4 Rf8
41. Qd2 Rxf4 42. Qxf4 Qf8 43. Qe3 1-0

[Event "Olimpiada Dresden 2008 Femenina"]
[Site "Dresden GER"]
[Date "2008.11.17"]
[Round "5.22"]
[White "Pacheco, Hilzandryly"]
[Black "Endress, Anna"]
[Result "0-1"]
[WhiteElo "1952"]
[BlackElo "2067"]
[PlyCount "61"]
[EventDate "2008.11.13"]
[EventType "team-tourn"]
[EventRounds "11"]
[EventCountry "GER"]
[Source "lmi"]
[SourceDate "2008.11.13"]
[WhiteTeam "Puerto Rico"]
[BlackTeam "Alemania"]
[WhiteTeamCountry "PUR"]
[BlackTeamCountry "GER"]

1. d4 Nf6 2. c4 e6 3. Nc3 Bb4 4. Qc2 c5 5. dxc5 Bxc5 6. Bf4 Nh5 7. Bd2 b6 8.
Nf3 Bb7 9. e4 Nc6 10. Be2 Qb8 11. g3 Nf6 12. Rd1 O-O 13. Bf4 d6 14. a3 a5 15.
O-O Re8 16. Qb1 Nd7 17. Na4 e5 18. Be3 Nd4 19. Nxd4 exd4 20. Bxd4 Bxe4 21. Bd3
Qb7 22. Nxc5 Nxc5 23. Bxe4 Rxe4 24. Rfe1 Rae8 25. Bxc5 bxc5 26. Rxe4 Rxe4 27.
Rxd6 g6 28. Rd7 Qc6 29. Rd6 Qb7 30. Rd7 Qc6 31. Rd6 0-1

[Event "Olimpiada Dresden 2008 Femenina"]
[Site "Dresden GER"]
[Date "2008.11.17"]
[Round "5.22"]
[White "Klek, Hanna-Marie"]
[Black "Basem-Hassan, Miriam"]
[Result "1-0"]
[WhiteElo "2004"]
[BlackElo "1935"]
[PlyCount "70"]
[EventDate "2008.11.13"]
[EventType "team-tourn"]
[EventRounds "11"]
[EventCountry "GER"]
[Source "lmi"]
[SourceDate "2008.11.13"]
[WhiteTeam "Alemania"]
[BlackTeam "Puerto Rico"]
[WhiteTeamCountry "GER"]
[BlackTeamCountry "PUR"]

1. d4 Nf6 2. Nf3 d5 3. c4 e6 4. g3 Bb4+ 5. Bd2 Be7 6. Bg2 O-O 7. O-O c6 8. Qc2
Nbd7 9. Bf4 b6 10. Nbd2 Ba6 11. Rfd1 Rc8 12. Ne5 Nxe5 13. Bxe5 Ng4 14. e4 Nxe5
15. dxe5 d4 16. Qa4 Bb7 17. Qxa7 Qc7 18. Qa4 c5 19. f4 g5 20. Rf1 gxf4 21. gxf4
f6 22. Bh3 Kh8 23. Bxe6 fxe5 24. Qd1 exf4 25. Qh5 Rce8 26. Rf3 Bf6 27. Bf5 Rg8+
28. Kh1 Qg7 29. Qh3 Re5 30. Rxf4 Bg5 31. Rg1 Bxf4 32. Rxg7 Rxg7 33. Nf3 Be3 34.
b3 Rxe4 35. Bc8 Rh4 1-0

[Event "Olimpiada Dresden 2008 Femenina"]
[Site "Dresden GER"]
[Date "2008.11.17"]
[Round "5.23"]
[White "Malikgulyewa, Aykamar"]
[Black "Golubenko, Valentina"]
[Result "0-1"]
[WhiteElo "2051"]
[BlackElo "2273"]
[PlyCount "97"]
[EventDate "2008.11.13"]
[EventType "team-tourn"]
[EventRounds "11"]
[EventCountry "GER"]
[Source "lmi"]
[SourceDate "2008.11.13"]
[WhiteTeam "Turkmenistán"]
[BlackTeam "Croacia"]
[WhiteTeamCountry "TKM"]
[BlackTeamCountry "CRO"]

1. Nf3 Nf6 2. c4 e6 3. g3 d5 4. d4 dxc4 5. Qa4+ Nbd7 6. Bg2 a6 7. Qxc4 b5 8.
Qc6 Rb8 9. Bf4 Bb7 10. Qxc7 Bb4+ 11. Nbd2 Qxc7 12. Bxc7 Rc8 13. Bf4 Rc2 14. Rb1
Ne4 15. Rg1 O-O 16. Kd1 Rfc8 17. Nxe4 Bxe4 18. Ne1 Rxe2 19. Kxe2 Bxb1 20. Bb7
Rc4 21. Bxa6 Bxa2 22. Bxb5 Rxd4 23. Nc2 Re4+ 24. Be3 Bc4+ 25. Bxc4 Rxc4 26. Rc1
Bc5 27. Bd2 f5 28. f3 Be7 29. b3 Rc6 30. Nd4 Rxc1 31. Bxc1 Kf7 32. Nc6 Bd6 33.
Kd3 e5 34. Be3 Ke6 35. Kc4 f4 36. gxf4 exf4 37. Bd4 g5 38. b4 Bc7 39. b5 h5 40.
h3 Kd6 41. Nb4 Bb6 42. Nd3 Bd8 43. Nf2 Ke6 44. Ne4 Ne5+ 45. Bxe5 Kxe5 46. Nc5
Kf5 47. Kd5 g4 48. hxg4+ hxg4 49. fxg4+ 0-1

[Event "Olimpiada Dresden 2008 Femenina"]
[Site "Dresden GER"]
[Date "2008.11.17"]
[Round "5.23"]
[White "Medic, Mirjana"]
[Black "Hallaeva, Bahar"]
[Result "1-0"]
[WhiteElo "2281"]
[BlackElo "2119"]
[PlyCount "168"]
[EventDate "2008.11.13"]
[EventType "team-tourn"]
[EventRounds "11"]
[EventCountry "GER"]
[Source "lmi"]
[SourceDate "2008.11.13"]
[WhiteTeam "Croacia"]
[BlackTeam "Turkmenistán"]
[WhiteTeamCountry "CRO"]
[BlackTeamCountry "TKM"]

1. d4 d5 2. c4 c6 3. Nc3 Nf6 4. cxd5 cxd5 5. Bf4 Nc6 6. e3 a6 7. Bd3 Bg4 8.
Nge2 e6 9. Rc1 Be7 10. O-O O-O 11. Na4 Nd7 12. a3 e5 13. dxe5 Ndxe5 14. f3 Be6
15. Nd4 Nxd4 16. Bxe5 Nc6 17. Bf4 Rc8 18. b4 Bd6 19. Bxd6 Qxd6 20. Nc5 Rc7 21.
Qc2 Ne5 22. Bxh7+ Kh8 23. f4 Ng4 24. Qe2 Bc8 25. Bb1 Re8 26. Nxb7 Rxb7 27. Rxc8
Rxc8 28. Qxg4 Qe6 29. Bf5 Qxe3+ 30. Kh1 Re8 31. Qh4+ Kg8 32. Qh7+ Kf8 33. Qh8+
Ke7 34. Qxg7 Rb6 35. h3 Rc6 36. Kh2 Qc3 37. Qg5+ Qf6 38. Qg4 Rd8 39. Re1+ Kf8
40. Bd3 Re6 41. Rd1 d4 42. a4 Re3 43. b5 a5 44. Rd2 Re1 45. Rb2 Re3 46. Rd2 Rd6
47. Qc8+ Re8 48. Qg4 Qg7 49. Qh4 Qh6 50. Qg4 Rf6 51. Bf5 Rd8 52. Rd3 Qg7 53.
Qh4 Qh6 54. Qg4 Qg7 55. Qh4 Re8 56. Qh5 Re3 57. Rxe3 dxe3 58. Qf3 Qh6 59. g4 e2
60. Qa8+ Kg7 61. g5 e1=Q 62. gxh6+ Rxh6 63. Qg2+ Kf8 64. Qa8+ Ke7 65. Qa7+ Kf6
66. Bg4 Qd2+ 67. Kg3 Kg7 68. Qc5 Qe1+ 69. Kg2 Qd2+ 70. Kg3 Qe1+ 71. Kg2 Qe4+
72. Kg3 Qxa4 73. Qe5+ Rf6 74. Qg5+ Rg6 75. Qe5+ Kh7 76. f5 Qa3+ 77. Kg2 Qa2+
78. Kg3 Qa3+ 79. Kg2 Rd6 80. Bf3 Rd2+ 81. Kg3 Qd6 82. Kf4 a4 83. b6 Qxb6 84. f6
Qd6 1-0

[Event "Olimpiada Dresden 2008 Femenina"]
[Site "Dresden GER"]
[Date "2008.11.17"]
[Round "5.23"]
[White "Isaeva, Aknyr"]
[Black "Franciskovic, Borka"]
[Result "0-1"]
[WhiteElo "2063"]
[BlackElo "2275"]
[PlyCount "109"]
[EventDate "2008.11.13"]
[EventType "team-tourn"]
[EventRounds "11"]
[EventCountry "GER"]
[Source "lmi"]
[SourceDate "2008.11.13"]
[WhiteTeam "Turkmenistán"]
[BlackTeam "Croacia"]
[WhiteTeamCountry "TKM"]
[BlackTeamCountry "CRO"]

1. e4 e5 2. Nf3 Nc6 3. Bb5 a6 4. Ba4 Nf6 5. O-O Be7 6. Re1 b5 7. Bb3 O-O 8. c3
d6 9. h3 Nb8 10. d3 h6 11. Nbd2 Re8 12. Nf1 Bf8 13. Ne3 g6 14. Nh2 Be6 15. Bc2
Nbd7 16. a4 c6 17. d4 Nb6 18. a5 Nc8 19. Neg4 Nxg4 20. Nxg4 h5 21. Nh2 exd4 22.
cxd4 d5 23. e5 c5 24. Nf3 c4 25. Ng5 Qd7 26. f4 Ne7 27. Nxe6 Qxe6 28. g4 hxg4
29. hxg4 f5 30. Ra3 Bg7 31. Rg3 Rf8 32. Re2 b4 33. Reg2 b3 34. Bb1 Rf7 35. Bd2
Rb8 36. gxf5 gxf5 37. Qh5 Kf8 38. Be1 Qh6 39. Qf3 Rb5 40. Rg5 Ke8 41. Bc3 Bf8
42. Rh2 Qe6 43. Rh8 Kd7 44. Qh5 Rb7 45. Kf2 Kc6 46. Ke1 Kb5 47. Kd1 Rd7 48. Rh7
Rxh7 49. Qxh7 Qh6 50. Bxf5 Qxh7 51. Bxh7 Nc6 52. Bf5 Rf7 53. e6 Rg7 54. Rxg7
Bxg7 55. Bg6 0-1

[Event "Olimpiada Dresden 2008 Femenina"]
[Site "Dresden GER"]
[Date "2008.11.17"]
[Round "5.23"]
[White "Jelica, Mara"]
[Black "Gozel, Atabayeva"]
[Result "0-1"]
[WhiteElo "2205"]
[BlackElo "2020"]
[PlyCount "75"]
[EventDate "2008.11.13"]
[EventType "team-tourn"]
[EventRounds "11"]
[EventCountry "GER"]
[Source "lmi"]
[SourceDate "2008.11.13"]
[WhiteTeam "Croacia"]
[BlackTeam "Turkmenistán"]
[WhiteTeamCountry "CRO"]
[BlackTeamCountry "TKM"]

1. e4 d5 2. exd5 Nf6 3. Nf3 Nxd5 4. d4 Bf5 5. Be2 e6 6. O-O Be7 7. a3 O-O 8. c4
Nb6 9. Nc3 Nc6 10. Be3 Bf6 11. b4 Bg4 12. Ne4 Bxf3 13. Nxf6+ Qxf6 14. Bxf3 Nxc4
15. Rc1 Nb6 16. b5 Na5 17. Qe1 Nac4 18. Bxb7 Rab8 19. Bc6 Qe7 20. Bf4 Rfd8 21.
d5 e5 22. Qe2 Qxa3 23. Bg5 f6 24. Rxc4 fxg5 25. Re4 h6 26. Rxe5 Kh8 27. Re7 Qc3
28. Rd1 Rbc8 29. g3 Rf8 30. d6 cxd6 31. Rxd6 Rf6 32. Rxf6 Qxf6 33. Rxa7 Rf8 34.
Re7 Kh7 35. Re6 Qa1+ 36. Kg2 Kh8 37. Qe3 Nc4 38. Qc5 0-1

[Event "Olimpiada Dresden 2008 Femenina"]
[Site "Dresden GER"]
[Date "2008.11.17"]
[Round "5.24"]
[White "Ortiz, Nadya Karolina"]
[Black "Munoz, Carolina"]
[Result "1-0"]
[WhiteElo "2230"]
[BlackElo "2026"]
[PlyCount "119"]
[EventDate "2008.11.13"]
[EventType "team-tourn"]
[EventRounds "11"]
[EventCountry "GER"]
[Source "lmi"]
[SourceDate "2008.11.13"]
[WhiteTeam "Colombia"]
[BlackTeam "Costa Rica"]
[WhiteTeamCountry "COL"]
[BlackTeamCountry "CRI"]

1. d4 d5 2. c4 c6 3. Nc3 Nf6 4. Nf3 e6 5. Bg5 Nbd7 6. cxd5 exd5 7. e3 Be7 8.
Bd3 Ne4 9. Bf4 Ndf6 10. Qc2 Nxc3 11. bxc3 O-O 12. O-O h6 13. Rab1 Bd6 14. Bxd6
Qxd6 15. c4 Re8 16. Rfc1 Re7 17. cxd5 cxd5 18. Qc5 Qxc5 19. dxc5 Rc7 20. Nd4
Bd7 21. f3 Rac8 22. Kf2 Kf8 23. Rc2 Rxc5 24. Rxb7 Rxc2+ 25. Bxc2 Ra8 26. g4 Bc8
27. Rc7 Ne8 28. Rc5 Bb7 29. Bb3 Rd8 30. h4 a6 31. Ke2 g6 32. Kd3 Rd6 33. Kc3
Rd7 34. Ba4 Re7 35. Kd3 Ng7 36. Bc6 Rc7 37. Rc3 Ke7 38. Bxb7 Rxb7 39. Rc6 Ne6
40. Nxe6 fxe6 41. Rxa6 Rb4 42. a3 Rb1 43. g5 hxg5 44. hxg5 e5 45. f4 Rb3+ 46.
Kd2 d4 47. exd4 exf4 48. a4 Ra3 49. a5 f3 50. Ra8 Ke6 51. a6 Kf5 52. d5 Kg4 53.
d6 f2 54. Rf8 Rxa6 55. d7 Rd6+ 56. Ke2 Rxd7 57. Kxf2 Kxg5 58. Rf3 Rd4 59. Ra3
Kf5 60. Kg3 1-0

[Event "Olimpiada Dresden 2008 Femenina"]
[Site "Dresden GER"]
[Date "2008.11.17"]
[Round "5.24"]
[White "Da Bosco, Carla"]
[Black "Chirivi C, Yenny Astrid"]
[Result "0-1"]
[WhiteElo "1966"]
[BlackElo "2175"]
[PlyCount "170"]
[EventDate "2008.11.13"]
[EventType "team-tourn"]
[EventRounds "11"]
[EventCountry "GER"]
[Source "lmi"]
[SourceDate "2008.11.13"]
[WhiteTeam "Costa Rica"]
[BlackTeam "Colombia"]
[WhiteTeamCountry "CRI"]
[BlackTeamCountry "COL"]

1. e4 c5 2. Nf3 d6 3. d4 cxd4 4. Nxd4 Nf6 5. Nc3 e6 6. g3 Nc6 7. Bg2 Bd7 8.
Ndb5 Qb8 9. a4 a6 10. Na3 Qc7 11. g4 h6 12. f4 Be7 13. Be3 Rc8 14. O-O O-O 15.
Nc4 Na5 16. Nb6 Nc4 17. Nxc4 Qxc4 18. g5 hxg5 19. fxg5 Nh7 20. Qd2 Rfd8 21. Rf3
Be8 22. Bf1 Qc6 23. Bd3 d5 24. exd5 exd5 25. Rh3 g6 26. Ne2 d4 27. Nxd4 Qd5 28.
Nf3 Bc5 29. Bxc5 Qxc5+ 30. Qf2 Nxg5 31. Nxg5 Qxg5+ 32. Rg3 Qc5 33. Qxc5 Rxc5
34. b3 Re5 35. Rf1 Kg7 36. Rf4 Bc6 37. Rh3 Rd6 38. Kf2 Bd5 39. Re3 Rh5 40. h4
Rf6 41. Rxf6 Kxf6 42. Kg3 Re5 43. Kf4 Rh5 44. Kg3 Bc6 45. Re2 Re5 46. Kf4 Rh5
47. Kg3 Re5 48. Kf4 Rh5 49. Kg3 Rc5 50. Kf4 a5 51. Kg3 Re5 52. Kf4 Rd5 53. Rf2
Ke7 54. Ke3 Rh5 55. Rf4 Bd5 56. Kd4 Kd6 57. Be2 Rh7 58. c4 Bc6 59. c5+ Ke7 60.
Bc4 f6 61. Rg4 Rh6 62. Rf4 Rh5 63. Rg4 g5 64. hxg5 fxg5 65. Rg1 Rh4+ 66. Ke5 g4
67. Kf4 Bf3 68. Re1+ Kd7 69. Bb5+ Bc6 70. Be2 Kc7 71. Rg1 Bd5 72. Rg3 Kc6 73.
Rc3 Rh3 74. Bb5+ Kc7 75. Rg3 Be6 76. Be8 Rxg3 77. Kxg3 Bxb3 78. Kxg4 Bd5 79.
Kf4 Bc6 80. Bf7 Bxa4 81. Ke3 Bc6 82. Kd4 Kd7 83. Bc4 Ke7 84. Kc3 Kf6 85. Ba6 b6
0-1

[Event "Olimpiada Dresden 2008 Femenina"]
[Site "Dresden GER"]
[Date "2008.11.17"]
[Round "5.24"]
[White "Herrera, Milena"]
[Black "Trejos PÃ©rez, Shirley Patricia"]
[Result "1-0"]
[WhiteElo "2070"]
[BlackElo "2052"]
[PlyCount "110"]
[EventDate "2008.11.13"]
[EventType "team-tourn"]
[EventRounds "11"]
[EventCountry "GER"]
[Source "lmi"]
[SourceDate "2008.11.13"]
[WhiteTeam "Colombia"]
[BlackTeam "Costa Rica"]
[WhiteTeamCountry "COL"]
[BlackTeamCountry "CRI"]

1. d4 Nf6 2. Bg5 e6 3. Nd2 h6 4. Bh4 c5 5. e3 Nc6 6. c3 cxd4 7. exd4 Be7 8.
Ngf3 b6 9. Bd3 Bb7 10. O-O O-O 11. Re1 Nd5 12. Bg3 f5 13. h3 Nf6 14. Qe2 Rc8
15. Bh2 Re8 16. Rad1 Bf8 17. a3 Ne7 18. c4 Ng6 19. Qf1 Nh5 20. Bb1 Qf6 21. Re3
Nhf4 22. Rde1 a6 23. b4 a5 24. Rb3 axb4 25. axb4 b5 26. c5 Bd5 27. Ra3 Bc6 28.
Bc2 d6 29. Ra6 Nd5 30. Rxc6 Rxc6 31. Qxb5 Rcc8 32. Qc4 Ngf4 33. Kh1 Kh8 34. Nb3
Qg6 35. Rg1 Qh5 36. Bd1 Qg6 37. Nfd2 e5 38. g3 Nxh3 39. Qxd5 Nxg1 40. Bxg1 exd4
41. c6 Re5 42. Qf3 Rb5 43. Be2 Rxb4 44. Bd3 Qf7 45. Be4 d5 46. Bxd5 Qf6 47. Qg2
Bd6 48. f4 Re8 49. Nf3 d3 50. Qd2 Qg6 51. Bf2 Re2 52. c7 Qe8 53. Qxd3 Rxf2 54.
Qe3 Qh5+ 55. Kg1 Rc2 1-0

[Event "Olimpiada Dresden 2008 Femenina"]
[Site "Dresden GER"]
[Date "2008.11.17"]
[Round "5.25"]
[White "Vojinovic, Jovana"]
[Black "Hansen, Evgenia"]
[Result "1/2-1/2"]
[WhiteElo "2332"]
[BlackElo "2169"]
[PlyCount "85"]
[EventDate "2008.11.13"]
[EventType "team-tourn"]
[EventRounds "11"]
[EventCountry "GER"]
[Source "lmi"]
[SourceDate "2008.11.13"]
[WhiteTeam "MNE"]
[BlackTeam "Dinamarca"]
[BlackTeamCountry "DEN"]

1. e4 e5 2. Nf3 Nc6 3. Bb5 Nf6 4. O-O Bc5 5. c3 O-O 6. d4 Bb6 7. Bg5 h6 8. Bh4
d6 9. Qd3 Qe7 10. Nbd2 Nb8 11. Rfe1 c6 12. Bc4 Nbd7 13. Bb3 Re8 14. Nc4 Bc7 15.
Ne3 Qf8 16. Nd2 Nh5 17. Nf5 Nf4 18. Qf3 Ng6 19. Bg3 Ne7 20. Ne3 Nf6 21. a4 Ng6
22. a5 a6 23. Bc2 Nh7 24. h4 Qe7 25. Bb3 Rf8 26. Nf5 Qf6 27. h5 Ne7 28. Bh4 Ng5
29. Nxh6+ Qxh6 30. Qe3 Qxh5 31. Qxg5 Qxg5 32. Bxg5 Ng6 33. Re3 Nf4 34. Nc4 Be6
35. Ba2 Bxc4 36. Bxc4 d5 37. Bb3 Ne6 38. Be7 Rfe8 39. exd5 cxd5 40. Bh4 exd4
41. cxd4 g5 42. Bg3 Bxg3 43. fxg3 1/2-1/2

[Event "Olimpiada Dresden 2008 Femenina"]
[Site "Dresden GER"]
[Date "2008.11.17"]
[Round "5.25"]
[White "Frank-Nielsen, Marie"]
[Black "Misovic, Sanja"]
[Result "1-0"]
[WhiteElo "1971"]
[BlackElo "1937"]
[PlyCount "76"]
[EventDate "2008.11.13"]
[EventType "team-tourn"]
[EventRounds "11"]
[EventCountry "GER"]
[Source "lmi"]
[SourceDate "2008.11.13"]
[WhiteTeam "Dinamarca"]
[BlackTeam "MNE"]
[WhiteTeamCountry "DEN"]

1. e4 c5 2. Nf3 d6 3. d4 cxd4 4. Nxd4 Nf6 5. Nc3 Nc6 6. Bg5 e6 7. Qd2 Be7 8.
O-O-O Qb6 9. Nb3 O-O 10. f3 a6 11. Bxf6 Bxf6 12. Qxd6 Rd8 13. Qc5 Rxd1+ 14.
Nxd1 Qc7 15. Kb1 b6 16. Qe3 Bb7 17. Nc3 Rc8 18. Be2 b5 19. g3 Ne5 20. a3 Nd7
21. Rd1 Nb6 22. Nd4 Qc5 23. Qd2 Qc7 24. f4 Be7 25. f5 e5 26. Nb3 b4 27. Nd5
Nxd5 28. exd5 Bxd5 29. a4 Bb7 30. a5 h6 31. h4 e4 32. Rg1 Bf6 33. Rd1 e3 34.
Qd3 Qe5 35. Qd4 Qxf5 36. Qd3 Be4 37. Qd7 Bxc2+ 38. Ka2 Bxb3+ 1-0

[Event "Olimpiada Dresden 2008 Femenina"]
[Site "Dresden GER"]
[Date "2008.11.17"]
[Round "5.27"]
[White "Baptista, Ana Filipa"]
[Black "Officer, Amy"]
[Result "1-0"]
[WhiteElo "2168"]
[BlackElo "1813"]
[PlyCount "86"]
[EventDate "2008.11.13"]
[EventType "team-tourn"]
[EventRounds "11"]
[EventCountry "GER"]
[Source "lmi"]
[SourceDate "2008.11.13"]
[WhiteTeam "Portugal"]
[BlackTeam "Escocia"]
[WhiteTeamCountry "POR"]
[BlackTeamCountry "SCO"]

1. e4 c5 2. d4 cxd4 3. c3 Nf6 4. e5 Nd5 5. cxd4 e6 6. Nc3 Nxc3 7. bxc3 Qc7 8.
Bd2 d6 9. f4 Bd7 10. Nf3 Nc6 11. Bd3 Be7 12. O-O h6 13. exd6 Bxd6 14. Ne5 Rf8
15. Qh5 O-O-O 16. Nxf7 Be8 17. Nxd6+ Qxd6 18. Qf3 Nxd4 19. cxd4 Qxd4+ 20. Be3
Qxd3 21. Rac1+ Bc6 22. Rxc6+ bxc6 23. Qxc6+ Kb8 24. Rf3 Qb1+ 25. Kf2 Qxa2+ 26.
Kg3 Rf7 27. Bd4 Rb7 28. Rc3 Ka8 29. Be5 Qb1 30. Qxe6 Rd3+ 31. Rxd3 Qxd3+ 32.
Kh4 Qd8+ 33. Kg3 Rb6 34. Qc4 Rg6+ 35. Kf3 Qd1+ 36. Ke4 Qb1+ 37. Kf3 Qd1+ 38.
Ke4 Qb1+ 39. Kf3 Qb7+ 40. Ke3 Qb6+ 41. Ke4 Qb1+ 42. Kf3 Qd1+ 43. Ke4 Qb1+ 1-0

[Event "Olimpiada Dresden 2008 Femenina"]
[Site "Dresden GER"]
[Date "2008.11.17"]
[Round "5.28"]
[White "Wijesuriya, G V."]
[Black "Tilenbaeva, Janyl"]
[Result "0-1"]
[WhiteElo "1937"]
[BlackElo "2037"]
[PlyCount "149"]
[EventDate "2008.11.13"]
[EventType "team-tourn"]
[EventRounds "11"]
[EventCountry "GER"]
[Source "lmi"]
[SourceDate "2008.11.13"]
[WhiteTeam "Sri Lanka"]
[BlackTeam "Kyrgyzstan"]
[WhiteTeamCountry "SRI"]
[BlackTeamCountry "KGZ"]

1. d4 d5 2. c4 c6 3. Nf3 Nf6 4. e3 Bg4 5. h3 Bxf3 6. Qxf3 e6 7. Nc3 Nbd7 8. Bd3
Bb4 9. Bd2 O-O 10. a3 Ba5 11. cxd5 cxd5 12. O-O e5 13. Qf5 Re8 14. Rac1 a6 15.
Bb1 g6 16. Qg5 Bb6 17. Ba2 exd4 18. exd4 Bxd4 19. Nxd5 Re5 20. Nxf6+ Nxf6 21.
Qf4 Qb6 22. Rc4 Rd8 23. Rb4 Rb5 24. Bc3 Bxc3 25. bxc3 Kg7 26. Re1 Qc5 27. Rxb5
Qxb5 28. Qb4 Qd7 29. Re7 Qd1+ 30. Kh2 Nd5 31. Bxd5 Rxd5 32. Rxb7 Qd2 33. Qb2
Qxb2 34. Rxb2 Rc5 35. Rb6 a5 36. Ra6 h5 37. g3 Rxc3 38. Rxa5 Kf6 39. h4 Ke6 40.
Ra8 Rb3 41. Re8+ Kf5 42. Re3 Rb2 43. Rf3+ Ke6 44. Kg2 f6 45. Rd3 Ra2 46. Kf3 g5
47. Rb3 g4+ 48. Ke3 f5 49. Rb6+ Ke5 50. Rb5+ Ke6 51. Rb6+ Ke5 52. Rb5+ Ke6 53.
Ra5 Kf6 54. Ra6+ Ke5 55. Ra5+ Kf6 56. Ra6+ Ke5 57. Ra8 Kf6 58. a4 Ke5 59. Ra5+
Kf6 60. Ra8 Ke5 61. a5 Ra3+ 62. Ke2 Ra2+ 63. Kf1 f4 64. gxf4+ Kxf4 65. a6 Kf3
66. Rf8+ Ke4 67. Re8+ Kf3 68. Rf8+ Ke4 69. Rf6 Ke5 70. Rh6 Kf4 71. Rf6+ Ke5 72.
Rb6 Kf4 73. Kg2 g3 74. Rf6+ Kg4 75. Rg6+ 0-1

[Event "Olimpiada Dresden 2008 Femenina"]
[Site "Dresden GER"]
[Date "2008.11.17"]
[Round "5.28"]
[White "Ostry, Irina"]
[Black "Walallawita, Lihini"]
[Result "1-0"]
[WhiteElo "2183"]
[BlackElo "1818"]
[PlyCount "98"]
[EventDate "2008.11.13"]
[EventType "team-tourn"]
[EventRounds "11"]
[EventCountry "GER"]
[Source "lmi"]
[SourceDate "2008.11.13"]
[WhiteTeam "Kyrgyzstan"]
[BlackTeam "Sri Lanka"]
[WhiteTeamCountry "KGZ"]
[BlackTeamCountry "SRI"]

1. d4 Nf6 2. Nf3 e6 3. c4 b6 4. e3 Bb7 5. Bd3 d5 6. b3 Bb4+ 7. Nbd2 O-O 8. O-O
c5 9. Bb2 cxd4 10. exd4 Nc6 11. Ne5 dxc4 12. Nxc6 Bxc6 13. bxc4 Rc8 14. Nf3 Bd6
15. Qe2 Bxf3 16. Qxf3 Nd7 17. Qh3 g6 18. f4 Re8 19. Rad1 Bf8 20. d5 exd5 21. f5
Ne5 22. fxg6 hxg6 23. cxd5 Qd6 24. Kh1 Rc7 25. Bb5 Rd8 26. Rfe1 Bg7 27. Ba3 Qf6
28. Bb2 Nd3 29. Qxd3 Qxb2 30. Re2 Qb4 31. a4 Qd6 32. Qf3 Rc3 33. Re3 Rc5 34.
Red3 Be5 35. g3 Kg7 36. Kg2 Rc2+ 37. R1d2 Rdc8 38. Qe2 Rc1 39. Bc6 Rh8 40. Rd1
Rxd1 41. Rxd1 Rh5 42. Rf1 Bf6 43. Rf3 Re5 44. Re3 Rf5 45. Rf3 Rxf3 46. Qxf3 Bd4
47. Qe4 Qf6 48. Qf4 Qxf4 49. gxf4 Bc5 1-0

[Event "Olimpiada Dresden 2008 Femenina"]
[Site "Dresden GER"]
[Date "2008.11.17"]
[Round "5.28"]
[White "Perera, Anjana"]
[Black "Lim, Greta"]
[Result "0-1"]
[WhiteElo "1830"]
[BlackElo "2072"]
[PlyCount "79"]
[EventDate "2008.11.13"]
[EventType "team-tourn"]
[EventRounds "11"]
[EventCountry "GER"]
[Source "lmi"]
[SourceDate "2008.11.13"]
[WhiteTeam "Sri Lanka"]
[BlackTeam "Kyrgyzstan"]
[WhiteTeamCountry "SRI"]
[BlackTeamCountry "KGZ"]

1. e4 e5 2. Nf3 Nf6 3. d4 Nxe4 4. Bd3 d5 5. Nxe5 Nd7 6. Nxd7 Bxd7 7. O-O Be7 8.
c4 Nf6 9. Nc3 Be6 10. cxd5 Nxd5 11. Re1 O-O 12. Qf3 Re8 13. Bd2 Nb4 14. Be4 c6
15. Bf4 Qd7 16. Be5 f5 17. Bb1 c5 18. d5 Nxd5 19. Bxf5 Bxf5 20. Nxd5 Bd8 21. h3
Qf7 22. Rad1 Ba5 23. Re3 Rad8 24. Bf6 Rxe3 25. fxe3 gxf6 26. Qxf5 Rd6 27. e4
Qe6 28. Qf4 Kh8 29. Qh6 Qf7 30. Rf1 Bd8 31. Qf4 Qe6 32. Rf3 Be7 33. b3 f5 34.
Qxf5 Qxf5 35. Rxf5 Bd8 36. Rf7 b5 37. Rxa7 c4 38. Ra8 Kg7 39. bxc4 bxc4 40. Rc8
0-1

[Event "Olimpiada Dresden 2008 Femenina"]
[Site "Dresden GER"]
[Date "2008.11.17"]
[Round "5.28"]
[White "Tilenbaeva, Bartygul"]
[Black "Thilakawardana, Supeshala"]
[Result "0-1"]
[WhiteElo "2080"]
[BlackElo "1815"]
[PlyCount "128"]
[EventDate "2008.11.13"]
[EventType "team-tourn"]
[EventRounds "11"]
[EventCountry "GER"]
[Source "lmi"]
[SourceDate "2008.11.13"]
[WhiteTeam "Kyrgyzstan"]
[BlackTeam "Sri Lanka"]
[WhiteTeamCountry "KGZ"]
[BlackTeamCountry "SRI"]

1. e4 e6 2. d3 d5 3. Nd2 Nf6 4. Ngf3 c5 5. g3 Nc6 6. Bg2 Be7 7. O-O Qc7 8. Re1
b6 9. h4 Bb7 10. e5 Nd7 11. Qe2 O-O-O 12. c3 h6 13. h5 g6 14. hxg6 fxg6 15. d4
g5 16. Bh3 Nf8 17. Nf1 Qd7 18. Be3 Qe8 19. a4 Qg6 20. Bg2 c4 21. N1d2 Na5 22.
b3 cxb3 23. Reb1 g4 24. Ne1 h5 25. Nxb3 Nc4 26. a5 Nd7 27. Nd3 Bg5 28. Bxg5
Qxg5 29. Nf4 Qh6 30. axb6 axb6 31. Nd2 Nxd2 32. Qxd2 h4 33. Qe3 Rdf8 34. Ne2
Qxe3 35. fxe3 h3 36. Bh1 h2+ 37. Kg2 Rf3 38. Nf4 Rxe3 39. Ra3 Rf3 40. Nxe6 Rh3
41. Ng5 Rfxg3+ 42. Kf2 Rxc3 43. Nxh3 Rxa3 44. Nf4 g3+ 45. Kf1 Ra2 46. Ne2 Ba6
47. Re1 Bc4 48. Bf3 Nf8 49. Kg2 Rd2 50. Kxg3 Bxe2 51. Bxd5 Rxd4 52. Bg2 Rd2 53.
Rh1 Kd8 54. Rxh2 Bc4 55. Rh6 b5 56. Bf3 Be6 57. Rh4 Rd3 58. Kf2 Rb3 59. Rd4+
Ke7 60. Bd1 Rb1 61. Ke3 Nd7 62. Kf4 b4 63. Ba4 b3 64. Rb4 Nc5 0-1